Financial Instruments of a Managerial Accountingfor Purposes of the Corporate Social Responsibility
Kontroling zodpovedného podnikania je už v súčasnosti imanentnou súčasťou globálneho systému kontrolingu, ktorý svojimi finančnými nástrojmi zastáva nenahraditeľnú pozíciu nielen vo finančnom manažmente, ale celkovo v manažmente podniku, a tým predstavuje efektívny nástroj finančného riadenia podnik...
Salvato in:
| Autore principale: | |
|---|---|
| Altri autori: | |
| Natura: | Capitolo di libro |
| Lingua: | slovacco |
| Soggetti: | |
| Tags: |
Nessun Tag, puoi essere il primo ad aggiungerne!!
|
MARC
| LEADER | 00000nla a2200000 4500 | ||
|---|---|---|---|
| 001 | 0212888 | ||
| 005 | 20240524080307.8 | ||
| 041 | 0 | |a slo | |
| 044 | |a CZ | ||
| 245 | 1 | 0 | |a Financial Instruments of a Managerial Accountingfor Purposes of the Corporate Social Responsibility |c Gabriela Dubcová, Jana Kissová |
| 520 | |a Kontroling zodpovedného podnikania je už v súčasnosti imanentnou súčasťou globálneho systému kontrolingu, ktorý svojimi finančnými nástrojmi zastáva nenahraditeľnú pozíciu nielen vo finančnom manažmente, ale celkovo v manažmente podniku, a tým predstavuje efektívny nástroj finančného riadenia podniku. | ||
| 610 | 2 | 0 | |a riadenie finančné |
| 610 | 2 | 0 | |a kontroling finančný |
| 610 | 2 | 0 | |a reporting |
| 610 | 2 | 0 | |a podnikanie zodpovedné |
| 610 | 2 | 0 | |a metódy riadenia |
| 610 | 2 | 0 | |a rozvoj trvalo udržateľný |
| 100 | 1 | |a Dubcová, Gabriela, 1968- | |
| 700 | 1 | |a Kissová, Jana, 1979- | |